[Event "EU-Cup 37th"]
[Site "Mayrhofen"]
[Date "2022.10.06"]
[Round "4.5"]
[White "Fedorovsky, Michael"]
[Black "Berg, Michael"]
[Result "1-0"]
[WhiteElo "2410"]
[BlackElo "2313"]
[PlyCount "115"]
[EventDate "2022.10.03"]
[EventType "team-swiss"]
[EventRounds "7"]
[EventCountry "AUT"]
[SourceTitle "CBM 210 Extra"]
[Source "ChessBase"]
[SourceDate "2022.11.30"]
[SourceVersion "1"]
[SourceVersionDate "2022.11.30"]
[SourceQuality "1"]
[WhiteTeam "Bayern Muenchen"]
[BlackTeam "Solingen SG"]
[WhiteTeamCountry "GER"]
[BlackTeamCountry "GER"]

1. d4 d5 2. c4 c6 3. Nf3 Nf6 4. e3 Bf5 5. Nc3 e6 6. Nh4 Be4 7. f3 Bg6 8. Bd2 Be7 9. g3 c5 10. dxc5 Bxc5 11. cxd5 exd5 12. Qb3 0-0 13. Nxg6 hxg6 14. Na4 Bd6 15. Kf2 Nc6 16. Rc1 Qe7 17. Be2 Rfe8 18. Rhe1 g5 19. Kg2 Rad8 20. Nc3 a6 21. Qa4 g4 22. fxg4 Qe6 23. g5 Ne4 24. Nxe4 dxe4 25. Bc3 Qf5 26. h4 Ne5 27. Rf1 Qg6 28. Bxe5 Bxe5 29. Rcd1 b5 30. Qb3 Rxd1 31. Rxd1 Qe6 32. Qxe6 Rxe6 33. Rd2 Rd6 34. Rxd6 Bxd6 35. Bg4 Be5 36. b3 f6 37. gxf6 Bxf6 38. Bf5 Kf7 39. Bxe4 Ke6 40. Kf3 Ke5 41. b4 Be7 42. Bb7 Kd6 43. Bxa6 Kc6 44. Ke4 Bxb4 45. h5 Kb6 46. Bxb5 Kxb5 47. Kd5 Kb6 48. Ke6 Kc6 49. g4 Bc3 50. a4 Kc5 51. e4 Kd4 52. Kf5 Kc5 53. g5 Kd6 54. h6 gxh6 55. gxh6 Ke7 56. e5 Kf7 57. e6+ Kf8 58. h7 1-0

[Event "BL2-West 2122"]
[Site "Germany"]
[Date "2022.07.03"]
[Round "10.4"]
[White "Berg, Michael"]
[Black "Krueger, Simon"]
[Result "1-0"]
[WhiteElo "2292"]
[BlackElo "1994"]
[PlyCount "53"]
[EventDate "2022.03.05"]
[EventType "team-tourn"]
[EventRounds "10"]
[EventCountry "GER"]
[SourceTitle "EXT 2023"]
[Source "ChessBase"]
[SourceDate "2022.10.05"]
[SourceVersion "1"]
[SourceVersionDate "2022.10.05"]
[SourceQuality "1"]
[WhiteTeam "Solingen II"]
[BlackTeam "Dortmund Hansa"]
[WhiteTeamCountry "GER"]
[BlackTeamCountry "GER"]

1. d4 Nf6 2. c4 c5 3. d5 b5 4. cxb5 a6 5. b6 d6 6. Nc3 Qxb6 7. e4 g6 8. a4 Bg7 9. a5 Qc7 10. Bc4 0-0 11. Nge2 Nbd7 12. f4 Rb8 13. Qc2 Kh8 14. 0-0 Rb4 15. b3 e6 16. dxe6 fxe6 17. Bxe6 Nxe4 18. Nd5 Qb7 19. Nxb4 Bxa1 20. Nd5 Ndf6 21. Bxc8 Rxc8 22. Nb6 Rd8 23. Ba3 Bd4+ 24. Nxd4 cxd4 25. Qd3 Nc3 26. Re1 Re8 27. Rxe8+ 1-0

[Event "BL2-West 2122"]
[Site "Germany"]
[Date "2022.05.01"]
[Round "4.8"]
[White "Berg, Michael"]
[Black "Huhndorf, Arnold"]
[Result "1-0"]
[WhiteElo "2292"]
[BlackElo "2193"]
[PlyCount "76"]
[EventDate "2022.03.05"]
[EventType "team-tourn"]
[EventRounds "10"]
[EventCountry "GER"]
[SourceTitle "EXT 2023"]
[Source "ChessBase"]
[SourceDate "2022.10.05"]
[SourceVersion "1"]
[SourceVersionDate "2022.10.05"]
[SourceQuality "1"]
[WhiteTeam "Solingen II"]
[BlackTeam "Remagen Sinzig"]
[WhiteTeamCountry "GER"]
[BlackTeamCountry "GER"]

1. d4 Nf6 2. c4 c5 3. d5 e6 4. Nc3 exd5 5. cxd5 d6 6. e4 g6 7. h3 Bg7 8. Nf3 a6 9. a4 Nbd7 10. Bf4 0-0 11. Bd3 Re8 12. 0-0 c4 13. Bc2 Qb6 14. Qb1 Qc7 15. Qa2 Rb8 16. Qa3 Ne5 17. Nxe5 dxe5 18. Bd2 Bf8 19. b4 cxb3 20. Qxb3 b5 21. axb5 axb5 22. Rfc1 Bc5 23. Bd3 Qb6 24. Be1 Bd7 25. Rab1 Rec8 26. Qd1 Qa7 27. Qf3 Nh5 28. Bxb5 Bxb5 29. Nxb5 Rxb5 30. Rxb5 Bxf2+ 31. Qxf2 Qxf2+ 32. Kxf2 Rxc1 33. d6 Rd1 34. Bc3 f6 35. Bb4 Kg7 36. Rb7+ Kh6 37. d7 Nf4 38. Be7 Ne6 1-0

[Event "BL2-West 2122"]
[Site "Germany"]
[Date "2022.03.06"]
[Round "2.7"]
[White "Berg, Michael"]
[Black "Bethke, Robert"]
[Result "1/2-1/2"]
[WhiteElo "2292"]
[BlackElo "2074"]
[PlyCount "46"]
[EventDate "2022.03.05"]
[EventType "team-tourn"]
[EventRounds "10"]
[EventCountry "GER"]
[SourceTitle "EXT 2023"]
[Source "ChessBase"]
[SourceDate "2022.10.05"]
[SourceVersion "1"]
[SourceVersionDate "2022.10.05"]
[SourceQuality "1"]
[WhiteTeam "Solingen II"]
[BlackTeam "Neuberg"]
[WhiteTeamCountry "GER"]
[BlackTeamCountry "GER"]

1. d4 d5 2. c4 e6 3. Nf3 Nf6 4. g3 Be7 5. Bg2 dxc4 6. Na3 c5 7. 0-0 0-0 8. Nxc4 Nc6 9. dxc5 Qxd1 10. Rxd1 Bxc5 11. Nfe5 Nxe5 12. Nxe5 a5 13. Bf4 Ra7 14. Rac1 b6 15. Nc6 Rd7 16. Rxd7 Bxd7 17. Nxa5 Ng4 18. Nb3 Bxf2+ 19. Kf1 Be3 20. Rc7 Ba4 21. h3 Bxf4 22. gxf4 Ne3+ 23. Kf2 Nxg2 1/2-1/2

[Event "BL2-West 2122"]
[Site "Germany"]
[Date "2022.03.05"]
[Round "1.7"]
[White "Daub, Wolfgang"]
[Black "Berg, Michael"]
[Result "1/2-1/2"]
[WhiteElo "2048"]
[BlackElo "2292"]
[PlyCount "48"]
[EventDate "2022.03.05"]
[EventType "team-tourn"]
[EventRounds "10"]
[EventCountry "GER"]
[SourceTitle "EXT 2023"]
[Source "ChessBase"]
[SourceDate "2022.10.05"]
[SourceVersion "1"]
[SourceVersionDate "2022.10.05"]
[SourceQuality "1"]
[WhiteTeam "Hofheim"]
[BlackTeam "Solingen II"]
[WhiteTeamCountry "GER"]
[BlackTeamCountry "GER"]

1. d4 Nf6 2. Bg5 Ne4 3. Bh4 c5 4. f3 g5 5. fxe4 gxh4 6. e3 Qb6 7. Nc3 Bg7 8. Nf3 Nc6 9. Nd5 Qd8 10. c3 d6 11. Qd2 Bg4 12. Be2 e6 13. Nf4 e5 14. dxe5 dxe5 15. Qxd8+ Rxd8 16. Nd5 h3 17. Rg1 Kf8 18. Ng5 Bxe2 19. Kxe2 hxg2 20. Rxg2 Bh6 21. Rag1 Bxg5 22. Rxg5 Rd6 23. Rf5 Rg8 24. Rxg8+ Kxg8 1/2-1/2

[Event "BL2-West 1920"]
[Site "Germany"]
[Date "2020.03.01"]
[Round "7.7"]
[White "Berg, Michael"]
[Black "Coenen, Michael"]
[Result "1/2-1/2"]
[WhiteElo "2310"]
[BlackElo "2362"]
[PlyCount "25"]
[EventDate "2019.09.19"]
[EventType "team-tourn"]
[EventRounds "9"]
[EventCountry "GER"]
[SourceTitle "EXT 2023"]
[Source "ChessBase"]
[SourceDate "2022.10.05"]
[SourceVersion "1"]
[SourceVersionDate "2022.10.05"]
[SourceQuality "1"]
[WhiteTeam "Solingen II"]
[BlackTeam "Duesseldorf"]
[WhiteTeamCountry "GER"]
[BlackTeamCountry "GER"]

1. d4 Nf6 2. c4 e6 3. Nf3 d5 4. g3 Be7 5. Bg2 0-0 6. 0-0 dxc4 7. Ne5 Nc6 8. Nxc6 bxc6 9. Qa4 Qxd4 10. Rd1 Qb6 11. Na3 Bxa3 12. bxa3 Ng4 13. Rf1 1/2-1/2

[Event "BL2-West 1819"]
[Site "Germany"]
[Date "2019.04.07"]
[Round "9.4"]
[White "Berg, Michael"]
[Black "Scholz, Christian"]
[Result "1/2-1/2"]
[WhiteElo "2299"]
[BlackElo "2373"]
[PlyCount "21"]
[EventDate "2018.11.21"]
[EventType "team-tourn"]
[EventRounds "9"]
[EventCountry "GER"]
[SourceTitle "CBM 190 Extra"]
[Source "ChessBase"]
[SourceDate "2019.07.15"]
[SourceVersion "1"]
[SourceVersionDate "2019.07.15"]
[SourceQuality "1"]
[WhiteTeam "Solingen II"]
[BlackTeam "Dortmund Hansa"]
[WhiteTeamCountry "GER"]
[BlackTeamCountry "GER"]

1. d4 Nf6 2. c4 g6 3. Nc3 Bg7 4. e4 d6 5. Nf3 0-0 6. Be2 e5 7. 0-0 Na6 8. Qc2 Nb4 9. Qd1 Na6 10. Qc2 Nb4 11. Qd1 1/2-1/2

[Event "BL2-West 1819"]
[Site "Germany"]
[Date "2019.02.24"]
[Round "7.4"]
[White "Polaczek, Richard"]
[Black "Berg, Michael"]
[Result "1-0"]
[WhiteElo "2373"]
[BlackElo "2320"]
[PlyCount "55"]
[EventDate "2018.11.21"]
[EventType "team-tourn"]
[EventRounds "9"]
[EventCountry "GER"]
[SourceTitle "CBM 190 Extra"]
[Source "ChessBase"]
[SourceDate "2019.07.15"]
[SourceVersion "1"]
[SourceVersionDate "2019.07.15"]
[SourceQuality "1"]
[WhiteTeam "Remagen Sinzig"]
[BlackTeam "Solingen II"]
[WhiteTeamCountry "GER"]
[BlackTeamCountry "GER"]

1. d4 Nf6 2. Nf3 g6 3. Bg5 Bg7 4. Nbd2 d5 5. c3 c6 6. e3 Nbd7 7. Be2 b6 8. 0-0 Bb7 9. c4 h6 10. Bh4 0-0 11. cxd5 cxd5 12. Rc1 Ne8 13. Bg3 a6 14. Qb3 e6 15. Rc2 Rc8 16. Rfc1 Rxc2 17. Rxc2 Bf6 18. Ne1 Be7 19. Nd3 Qa8 20. Nf3 Bd8 21. Qa3 Nef6 22. Nfe5 Nxe5 23. Bxe5 Nd7 24. Bd6 Re8 25. Nb4 a5 26. Bb5 Be7 27. Bxe7 Rxe7 28. Nxd5 1-0

[Event "EU-Cup 34th"]
[Site "Porto Carras"]
[Date "2018.10.18"]
[Round "7.4"]
[White "McGowan, Daniel"]
[Black "Berg, Michael"]
[Result "1/2-1/2"]
[WhiteElo "2157"]
[BlackElo "2331"]
[PlyCount "60"]
[EventDate "2018.10.12"]
[EventType "team-swiss"]
[EventRounds "7"]
[EventCountry "GRE"]
[SourceTitle "CBM 187"]
[Source "ChessBase"]
[SourceDate "2018.12.11"]
[SourceVersion "1"]
[SourceVersionDate "2018.12.11"]
[SourceQuality "1"]
[WhiteTeam "Grantham Sharks"]
[BlackTeam "Solingen SG"]
[WhiteTeamCountry "ENG"]
[BlackTeamCountry "GER"]

1. e4 c6 2. d4 d5 3. e5 c5 4. dxc5 e6 5. Nf3 Bxc5 6. Bd3 Nc6 7. 0-0 Nge7 8. a3 Ng6 9. b4 Bb6 10. Bb2 0-0 11. Nbd2 f6 12. Bxg6 hxg6 13. Qe2 Bd7 14. c4 fxe5 15. Nxe5 Nxe5 16. Bxe5 dxc4 17. Nxc4 Bb5 18. a4 Bxf2+ 19. Rxf2 Rxf2 20. Qxf2 Bxc4 21. Rc1 Qg5 22. Qf4 Qxf4 23. Bxf4 b5 24. axb5 Bxb5 25. h4 Rd8 26. Rc7 Rd7 27. Rxd7 Bxd7 28. Kf2 Kf7 29. Be5 a6 30. Ke3 Bb5 1/2-1/2

[Event "BL2-West 1718"]
[Site "Germany"]
[Date "2017.11.12"]
[Round "3.7"]
[White "Berg, Michael"]
[Black "Werthebach, Felix"]
[Result "1-0"]
[WhiteElo "2312"]
[BlackElo "2172"]
[PlyCount "61"]
[EventDate "2017.10.08"]
[EventType "team-tourn"]
[EventRounds "9"]
[EventCountry "GER"]
[SourceTitle "CBM 183 Extra"]
[Source "ChessBase"]
[SourceDate "2018.04.19"]
[SourceVersion "1"]
[SourceVersionDate "2018.04.19"]
[SourceQuality "1"]
[WhiteTeam "Solingen"]
[BlackTeam "Bochum SG"]
[WhiteTeamCountry "GER"]
[BlackTeamCountry "GER"]

1. c4 f5 2. g3 Nf6 3. Bg2 d6 4. Nc3 g6 5. d3 Bg7 6. e4 Nc6 7. Nge2 0-0 8. h3 fxe4 9. dxe4 Be6 10. b3 Qc8 11. Be3 Bd7 12. Rc1 e5 13. Qd2 b6 14. Nd5 a5 15. 0-0 Ra7 16. Kh2 Kh8 17. a3 Be6 18. Nec3 Ne8 19. Nb5 Rb7 20. b4 axb4 21. axb4 Nd8 22. Nbc3 Qb8 23. b5 Ra7 24. f4 Nb7 25. f5 gxf5 26. exf5 Bg8 27. Bh6 Nc5 28. f6 Bxh6 29. Qxh6 Rf7 30. Ne7 Ra3 31. Ng6# 1-0

[Event "BL2-West 1718"]
[Site "Germany"]
[Date "2017.10.08"]
[Round "1.8"]
[White "Wagenknecht, Uwe"]
[Black "Berg, Michael"]
[Result "0-1"]
[WhiteElo "2248"]
[BlackElo "2312"]
[PlyCount "74"]
[EventDate "2017.10.08"]
[EventType "team-tourn"]
[EventRounds "9"]
[EventCountry "GER"]
[SourceTitle "CBM 183 Extra"]
[Source "ChessBase"]
[SourceDate "2018.04.19"]
[SourceVersion "1"]
[SourceVersionDate "2018.04.19"]
[SourceQuality "1"]
[WhiteTeam "Koeln Porz"]
[BlackTeam "Solingen"]
[WhiteTeamCountry "GER"]
[BlackTeamCountry "GER"]

1. Nf3 Nf6 2. c4 g6 3. Nc3 Bg7 4. e4 d6 5. d4 0-0 6. Be2 e5 7. 0-0 Nc6 8. d5 Ne7 9. Ne1 Nd7 10. f3 f5 11. g4 Kh8 12. Nd3 Ng8 13. Be3 Bh6 14. Bf2 a6 15. h4 fxg4 16. fxg4 Rxf2 17. Nxf2 Qxh4 18. Kg2 Bf4 19. Rh1 Qg3+ 20. Kf1 Be3 21. Qe1 Ndf6 22. Rd1 Bxf2 23. Qxf2 Qxf2+ 24. Kxf2 Bxg4 25. Rdg1 Bxe2 26. Kxe2 Kg7 27. Rg2 h6 28. Kd3 g5 29. Nd1 Ne7 30. Ne3 Kg6 31. Rgh2 h5 32. Rg2 g4 33. Rgh2 Kg5 34. c5 Ng6 35. cxd6 Nf4+ 36. Kc2 cxd6 37. Nf5 Nxe4 0-1

[Event "BL2-West 1516"]
[Site "Germany"]
[Date "2016.04.24"]
[Round "2.6"]
[White "Berg, Michael"]
[Black "Klein, Felix"]
[Result "1-0"]
[WhiteElo "2290"]
[BlackElo "2366"]
[PlyCount "77"]
[EventDate "2015.09.20"]
[EventType "team-tourn"]
[EventRounds "9"]
[EventCountry "GER"]
[SourceTitle "EXT 2017"]
[Source "ChessBase"]
[SourceDate "2016.10.25"]
[SourceVersion "1"]
[SourceVersionDate "2016.10.25"]
[SourceQuality "1"]
[WhiteTeam "Solingen"]
[BlackTeam "Aachen SV"]
[WhiteTeamCountry "GER"]
[BlackTeamCountry "GER"]

1. d4 d5 2. c4 e6 3. Nf3 c6 4. Nc3 dxc4 5. a4 Bb4 6. e3 b5 7. Bd2 a5 8. Rb1 Bd7 9. Ne5 Nf6 10. Qf3 Ra7 11. Be2 0-0 12. 0-0 Nd5 13. Qh3 f6 14. Nxd7 Qxd7 15. e4 Nb6 16. Bd1 e5 17. Bg4 Qe8 18. Be3 Rb7 19. dxe5 fxe5 20. Bf5 g6 21. Be6+ Kh8 22. f4 Bxc3 23. bxc3 Nxa4 24. fxe5 Nxc3 25. Bh6 Ne2+ 26. Kh1 Rg7 27. Rxf8+ Qxf8 28. Qe3 Qe7 29. Bxg7+ Kxg7 30. Bg4 Qxe5 31. Bxe2 c3 32. Qa7+ Kh6 33. Bd3 b4 34. Rf1 b3 35. Rf7 c5 36. Rxh7+ Kg5 37. Qf7 Qf4 38. Qe7+ Kg4 39. Qh4# 1-0

[Event "BL2-West 1516"]
[Site "Germany"]
[Date "2016.03.13"]
[Round "8.6"]
[White "Hengelbrock, Joachim"]
[Black "Berg, Michael"]
[Result "1/2-1/2"]
[WhiteElo "2294"]
[BlackElo "2290"]
[PlyCount "35"]
[EventDate "2015.09.20"]
[EventType "team-tourn"]
[EventRounds "9"]
[EventCountry "GER"]
[SourceTitle "EXT 2017"]
[Source "ChessBase"]
[SourceDate "2016.10.25"]
[SourceVersion "1"]
[SourceVersionDate "2016.10.25"]
[SourceQuality "1"]
[WhiteTeam "Bochum"]
[BlackTeam "Solingen"]
[WhiteTeamCountry "GER"]
[BlackTeamCountry "GER"]

1. d4 Nf6 2. Nf3 g6 3. Nbd2 Bg7 4. e4 d6 5. Bc4 0-0 6. 0-0 c6 7. Bb3 a5 8. c3 Na6 9. Re1 Nc7 10. h3 Be6 11. a4 b5 12. e5 Nfd5 13. Ne4 h6 14. Bc2 Bf5 15. Bd2 Nb6 16. exd6 exd6 17. Bf4 Ne6 18. Bg3 1/2-1/2

[Event "BL2-West 1516"]
[Site "Germany"]
[Date "2016.01.17"]
[Round "5.5"]
[White "Berg, Michael"]
[Black "Popovic, Petar"]
[Result "1-0"]
[WhiteElo "2290"]
[BlackElo "2453"]
[PlyCount "171"]
[EventDate "2015.09.20"]
[EventType "team-tourn"]
[EventRounds "9"]
[EventCountry "GER"]
[SourceTitle "EXT 2017"]
[Source "ChessBase"]
[SourceDate "2016.10.25"]
[SourceVersion "1"]
[SourceVersionDate "2016.10.25"]
[SourceQuality "1"]
[WhiteTeam "Solingen"]
[BlackTeam "Aachen DJK"]
[WhiteTeamCountry "GER"]
[BlackTeamCountry "GER"]

1. d4 Nf6 2. c4 g6 3. Nc3 Bg7 4. e4 d6 5. Nf3 0-0 6. Be2 e5 7. 0-0 c6 8. Qc2 Nbd7 9. Rd1 Qe7 10. b3 exd4 11. Nxd4 Re8 12. f3 Nh5 13. Bf1 Nc5 14. Bb2 a5 15. a3 Bd7 16. Nce2 Qd8 17. Rab1 Qb6 18. Kh1 Be5 19. Bc1 Qd8 20. g3 Rc8 21. b4 axb4 22. axb4 Na6 23. Bg2 Qe7 24. Qd2 Rcd8 25. Ba3 Ra8 26. Nc2 Be6 27. f4 Bg7 28. Ne3 Rad8 29. Nd4 Bd7 30. Re1 Nf6 31. Nec2 Qf8 32. Nb3 Bc8 33. h3 h5 34. Kh2 Nc7 35. Qf2 h4 36. gxh4 Nh5 37. Ne3 Ne6 38. f5 Nef4 39. Bf1 Rxe4 40. b5 gxf5 41. bxc6 bxc6 42. Nd2 Be5 43. Kh1 Qg7 44. Nxe4 fxe4 45. Bb2 Be6 46. Bxe5 dxe5 47. Red1 Rd4 48. Kh2 Kh7 49. Rb6 c5 50. Rb5 Qf8 51. Bg2 Nxg2 52. Qxg2 Qh6 53. Rg1 Qf4+ 54. Kh1 Qf3 55. Rxc5 Ng3+ 56. Kh2 Qxe3 57. Qxg3 Rd2+ 58. Kh1 Qxg3 59. Rxg3 Rd1+ 60. Kg2 Rd2+ 61. Kf1 Rd4 62. Rxe5 Bxc4+ 63. Ke1 Kh6 64. Re8 Kh7 65. Re5 Kh6 66. Rg4 Be6 67. Rgxe4 Rd3 68. Re3 Rd4 69. R5e4 Rd8 70. Rg3 Ra8 71. Kf2 Ra2+ 72. Ke3 Rh2 73. Rf4 Kh5 74. Rg5+ Kh6 75. Rf3 Rxh3 76. Rxh3 Bxh3 77. Kf4 f6 78. Ra5 Kg6 79. h5+ Kh6 80. Kg3 Bd7 81. Kh4 Be8 82. Ra8 Bf7 83. Rb8 Bc4 84. Rc8 Bb3 85. Rc6 Kg7 86. Rc3 1-0

[Event "BL2-West 1415"]
[Site "Germany"]
[Date "2015.03.15"]
[Round "8.5"]
[White "Hendriks, Willy"]
[Black "Berg, Michael"]
[Result "1/2-1/2"]
[WhiteElo "2387"]
[BlackElo "2278"]
[PlyCount "34"]
[EventDate "2014.09.21"]
[EventType "team-tourn"]
[EventRounds "9"]
[EventCountry "GER"]
[SourceTitle "CBM 166 Extra"]
[Source "ChessBase"]
[SourceDate "2015.06.18"]
[SourceVersion "1"]
[SourceVersionDate "2015.06.18"]
[SourceQuality "1"]
[WhiteTeam "Bochum SG"]
[BlackTeam "Solingen II"]
[WhiteTeamCountry "GER"]
[BlackTeamCountry "GER"]

1. d4 Nf6 2. Bg5 e6 3. Nd2 c5 4. e3 b6 5. Ngf3 Bb7 6. Bd3 cxd4 7. exd4 Be7 8. c3 d6 9. 0-0 Nbd7 10. a4 a6 11. Re1 0-0 12. Qe2 Re8 13. h3 Qc7 14. Ne4 Bxe4 15. Bxe4 Nxe4 16. Qxe4 Bxg5 17. Nxg5 Nf6 1/2-1/2

[Event "BL2-West 1415"]
[Site "Germany"]
[Date "2014.11.09"]
[Round "3.7"]
[White "Meyer, Kai Christian"]
[Black "Berg, Michael"]
[Result "1/2-1/2"]
[WhiteElo "2148"]
[BlackElo "2278"]
[PlyCount "62"]
[EventDate "2014.09.21"]
[EventType "team-tourn"]
[EventRounds "9"]
[EventCountry "GER"]
[SourceTitle "CBM 166 Extra"]
[Source "ChessBase"]
[SourceDate "2015.06.18"]
[SourceVersion "1"]
[SourceVersionDate "2015.06.18"]
[SourceQuality "1"]
[WhiteTeam "Schoeneck"]
[BlackTeam "Solingen II"]
[WhiteTeamCountry "GER"]
[BlackTeamCountry "GER"]

1. d4 Nf6 2. Bg5 Ne4 3. Bf4 d5 4. e3 c5 5. Bd3 Nf6 6. c3 e6 7. Nf3 Bd6 8. Bxd6 Qxd6 9. Ne5 Nc6 10. f4 Ne4 11. Bxe4 dxe4 12. Nd2 cxd4 13. exd4 0-0 14. Nxe4 Qd5 15. Qf3 f6 16. Nxc6 Qxc6 17. 0-0 Qd5 18. Nc5 Qxf3 19. Rxf3 b6 20. Nd3 Bb7 21. Re3 Rfe8 22. Rae1 Kf7 23. Kf2 Rad8 24. g4 Ba6 25. Nb4 Bb7 26. g5 a5 27. Nd3 Ba6 28. gxf6 gxf6 29. Nc1 Rd5 30. Rh3 h5 31. Rg3 Rf5 1/2-1/2

[Event "Solingen Karneval op"]
[Site "Solingen"]
[Date "2014.03.01"]
[Round "2"]
[White "Berg, Michael"]
[Black "Herzum, Peter"]
[Result "1-0"]
[WhiteElo "2303"]
[BlackElo "1945"]
[PlyCount "79"]
[EventDate "2014.02.28"]
[EventType "swiss"]
[EventRounds "5"]
[EventCountry "GER"]
[SourceTitle "EXT 2016"]
[Source "ChessBase"]
[SourceDate "2015.10.08"]
[SourceVersion "1"]
[SourceVersionDate "2015.10.08"]
[SourceQuality "1"]

1. d4 Nf6 2. c4 e6 3. Nf3 b6 4. g3 Ba6 5. Qc2 Be7 6. Bg2 c6 7. 0-0 0-0 8. Bg5 d5 9. Nbd2 Nbd7 10. Rac1 c5 11. Rfd1 Qe8 12. e4 dxe4 13. Nxe4 Bb7 14. Bxf6 Nxf6 15. Ne5 Nxe4 16. Bxe4 Bxe4 17. Qxe4 cxd4 18. Rxd4 Rd8 19. Rxd8 Qxd8 20. Nc6 Qc7 21. b4 Rc8 22. b5 a5 23. Rd1 Bc5 24. Rd3 Re8 25. Kg2 g6 26. f4 f6 27. Qf3 Qf7 28. Qe4 Qc7 29. g4 Qf7 30. Qf3 Qg7 31. Qd1 f5 32. Ne5 fxg4 33. Rd8 Rxd8 34. Qxd8+ Qf8 35. Qxf8+ Kxf8 36. Nxg4 Ke7 37. Kf3 Bg1 38. h3 h5 39. Ne5 Kf6 40. Ke4 1-0

[Event "Oberliga NRW 1314"]
[Site "Germany"]
[Date "2014.01.12"]
[Round "5.4"]
[White "Berg, Michael"]
[Black "Richter, Christian"]
[Result "1/2-1/2"]
[WhiteElo "2282"]
[BlackElo "2322"]
[PlyCount "21"]
[EventDate "2013.09.15"]
[EventType "team-tourn"]
[EventRounds "9"]
[EventCountry "GER"]
[SourceTitle "EXT 2015"]
[Source "ChessBase"]
[SourceDate "2014.11.20"]
[SourceVersion "1"]
[SourceVersionDate "2014.11.20"]
[SourceQuality "1"]
[WhiteTeam "Solingen II"]
[BlackTeam "Emsdetten Turm II"]
[WhiteTeamCountry "GER"]
[BlackTeamCountry "GER"]

1. d4 Nf6 2. c4 g6 3. Nc3 Bg7 4. e4 d6 5. Nf3 0-0 6. Be2 Na6 7. 0-0 e5 8. Qc2 Nb4 9. Qd1 Na6 10. Qc2 Nb4 11. Qd1 1/2-1/2

[Event "Oberliga NRW 1314"]
[Site "Germany"]
[Date "2013.11.17"]
[Round "3.4"]
[White "Berg, Michael"]
[Black "Mundorf, Johannes"]
[Result "0-1"]
[WhiteElo "2282"]
[BlackElo "2208"]
[PlyCount "90"]
[EventDate "2013.09.15"]
[EventType "team-tourn"]
[EventRounds "9"]
[EventCountry "GER"]
[SourceTitle "EXT 2015"]
[Source "ChessBase"]
[SourceDate "2014.11.20"]
[SourceVersion "1"]
[SourceVersionDate "2014.11.20"]
[SourceQuality "1"]
[WhiteTeam "Solingen II"]
[BlackTeam "Dinslaken"]
[WhiteTeamCountry "GER"]
[BlackTeamCountry "GER"]

1. d4 e6 2. c4 Bb4+ 3. Bd2 a5 4. Nf3 d6 5. g3 Nc6 6. d5 Nce7 7. dxe6 Bxe6 8. e4 Nf6 9. Ng5 Bd7 10. Nc3 h6 11. Nh3 0-0 12. f3 Re8 13. Nf2 Bc5 14. Be2 c6 15. Qc2 b5 16. Ncd1 Ng6 17. Be3 Bb4+ 18. Kf1 d5 19. c5 a4 20. a3 Ba5 21. Bd4 dxe4 22. Bxf6 Qxf6 23. Nxe4 Rxe4 24. Qxe4 Re8 25. Qd3 Bh3+ 26. Kf2 Nf4 27. gxf4 Qh4+ 28. Kg1 Rd8 29. Nf2 Rxd3 30. Bxd3 Be6 31. f5 Qg5+ 32. Kf1 Bxf5 33. Rd1 Bxd3+ 34. Nxd3 Qe3 35. Kg2 Qe2+ 36. Kg3 Bc7+ 37. f4 Qe3+ 38. Kg2 Qe4+ 39. Kf2 Bxf4 40. Rhe1 Qc4 41. Kg2 Bg5 42. h3 Bf6 43. Re8+ Kh7 44. Kf3 Qd5+ 45. Kg3 Qh5 0-1

[Event "BL2-West 1213"]
[Site "Germany"]
[Date "2013.01.13"]
[Round "5.6"]
[White "Rotstein, Arkadij"]
[Black "Berg, Michael"]
[Result "1/2-1/2"]
[WhiteElo "2510"]
[BlackElo "2311"]
[PlyCount "125"]
[EventDate "2012.10.14"]
[EventType "team-tourn"]
[EventRounds "9"]
[EventCountry "GER"]
[SourceTitle "CBM 154 Extra"]
[Source "ChessBase"]
[SourceDate "2013.06.25"]
[SourceVersion "2"]
[SourceVersionDate "2013.06.25"]
[SourceQuality "1"]
[WhiteTeam "Koeln Porz"]
[BlackTeam "Solingen SG II"]
[WhiteTeamCountry "GER"]
[BlackTeamCountry "GER"]

1. g3 d5 2. Nf3 c6 3. Bg2 Bg4 4. 0-0 Nd7 5. d3 e6 6. c4 dxc4 7. dxc4 Ngf6 8. Nc3 Be7 9. Bf4 0-0 10. Qc2 Qa5 11. h3 Bh5 12. Rad1 e5 13. Bg5 Qc7 14. Nh4 Nc5 15. Nf5 Ne6 16. Nxe7+ Qxe7 17. Be3 Rfd8 18. Rxd8+ Qxd8 19. Rd1 Qc7 20. Qa4 Bg6 21. Qa3 h5 22. Qd6 Qxd6 23. Rxd6 Kf8 24. b4 Ke7 25. Rd2 a6 26. b5 axb5 27. cxb5 Ra3 28. bxc6 bxc6 29. Nd1 Be4 30. Bxe4 Nxe4 31. Rc2 Nd4 32. Bxd4 exd4 33. Kg2 Kd6 34. f3 Nc3 35. Nxc3 Rxc3 36. Rb2 c5 37. Kf2 Rc1 38. Rb6+ Kd5 39. Rb7 c4 40. Rxf7 g6 41. Rd7+ Kc5 42. Rc7+ Kb4 43. f4 Ra1 44. Kf3 Rxa2 45. g4 hxg4+ 46. hxg4 Kc3 47. Rc6 Ra3 48. Rxg6 Kd2+ 49. Ke4 c3 50. Kxd4 Ra4+ 51. Ke5 Rc4 52. Rh6 c2 53. Rh1 c1Q 54. Rxc1 Rxc1 55. f5 Ke3 56. f6 Rc5+ 57. Ke6 Kf4 58. f7 Rc8 59. Kf6 Rc6+ 60. Kg7 Rc7 61. e4 Kxg4 62. Kf6 Rxf7+ 63. Kxf7 1/2-1/2

[Event "BL2-West 1213"]
[Site "Germany"]
[Date "2012.11.11"]
[Round "2.6"]
[White "Berg, Michael"]
[Black "Mainka, Romuald"]
[Result "1/2-1/2"]
[WhiteElo "2311"]
[BlackElo "2441"]
[PlyCount "93"]
[EventDate "2012.10.14"]
[EventType "team-tourn"]
[EventRounds "9"]
[EventCountry "GER"]
[SourceTitle "CBM 154 Extra"]
[Source "ChessBase"]
[SourceDate "2013.06.25"]
[SourceVersion "2"]
[SourceVersionDate "2013.06.25"]
[SourceQuality "1"]
[WhiteTeam "Solingen SG II"]
[BlackTeam "Dortmund Hansa"]
[WhiteTeamCountry "GER"]
[BlackTeamCountry "GER"]

1. d4 Nf6 2. c4 e6 3. Nf3 d5 4. g3 Bb4+ 5. Bd2 Be7 6. Bg2 Nbd7 7. Qb3 0-0 8. 0-0 c6 9. Bb4 a5 10. Bxe7 Qxe7 11. Nbd2 b5 12. cxb5 cxb5 13. Rfc1 Ba6 14. Rc6 b4 15. Qe3 Bb5 16. Rc2 Rfc8 17. Rac1 Qd8 18. Bf1 h6 19. Ne5 Rxc2 20. Rxc2 Rc8 21. Rxc8 Qxc8 22. Nxd7 Nxd7 23. Nb3 Bc4 24. Qc1 Qa8 25. e3 Nb6 26. Qc2 a4 27. Bxc4 dxc4 28. Nc5 b3 29. axb3 axb3 30. Qc3 Qd5 31. e4 Qc6 32. Nxb3 Qxe4 33. Nc5 Qe2 34. b3 cxb3 35. Qxb3 Nd5 36. Qb8+ Kh7 37. Nd7 Qe1+ 38. Kg2 Qe4+ 39. Kg1 h5 40. Qe5 Qxe5 41. Nxe5 f6 42. Nc6 Kg6 43. f3 Kf5 44. Kf2 g5 45. Nd8 g4 46. Nc6 Kg5 47. Nd8 1/2-1/2